Film dont le titre commence par un P (1) - Version facile - Statistiques

Statistiques générales
  • Ce quiz a été pris 17 fois
  • Le résultat moyen est 6 sur 30
Statistiques - réponses
Année Réalisateur Genre 1 acteur ou
1 actrice
Titre Indice facile % Correct
1960 Alfred Hitchcock Policier Anthony Perkins Psychose *
82%
1994 Quentin Tarantino Policier John Travolta Pulp fiction *
65%
1990 Garry Marshall Comédie romantique Julia Roberts Pretty woman *
47%
1943 Sam Wood Drame Gary Cooper Pour qui sonne le glas sonne
41%
1966 Sergio Leone Western Clint Eastwood Pour une poignée de dollars dollars
41%
1981 Alain Delon Policier Alain Delon Pour la peau d'un flic flic
35%
1997 James Brooks Comédie Jack Nicholson Pour le pire et pour le meilleur pire
29%
2006 Eric Lartigau Comédie Alain Chabat Prête-moi ta main main
29%
1963 Jean Girault Comédie Louis de Funès Pouic pouic *
24%
1985 Claude Chabrol Policier Jean Poiret Poulet au vinaigre Poulet
24%
1985 Patrick Schulmann Comédie Patrick Bruel Profs *
24%
1982 Edouard Molinaro Comédie Gérard Jugnot Pour cent briques t'as plus rien cent
18%
2006 Wolfgang Petersen Catastrophe Kurt Russell Poséidon *
12%
2009 François Ozon Comédie Catherine Deneuve Potiche *
12%
1969 Woody Allen Comédie Janet Margolin Prends l'oseille et tire toi oseille
12%
2001 Garry Marshall Comédie Julie Andrews Princesse malgré elle elle
12%
1957 René Clair Comédie dramatique Pierre Brasseur Porte des Lilas Porte
6%
1974 Liliana Cavani Drame Charlotte Rampling Portier de nuit nuit
6%
2002 Shawn Levy Comédie Ashton Kutcher Pour le meilleur et pour le rire pire
6%
2016 Denis Villeneuve Science fiction Jérémy Renner Premier contact *
6%
1988 Peter Hyams Policier Sean Connery Presidio *
6%
2016 Hélène Angel Comédie dramatique Vincent Elbaz Primaire *
6%
1994 Stephan Elliott Comédie Hugo Weaving Priscilla folle du désert folle
6%
1990 Didier Kaminka Comédie Daniel Gélin Promotion canapé *
6%
2012 Régis Roinsard Comédie Ludovic Pinette Populaire *
0%
1995 Victor Salva Fantastique Sean Patrick Flanery Powder *
0%
2014 Jérôme Le Gris Drame Gérard Lanvin Premiers crus *
0%
1983 Jean-Luc Godard Drame Maruschka Detmers Prénom Carmen *
0%
2005 Lionel Delplanque Thriller Albert Dupontel Président *
0%
1993 Adrian Lyne Comédie dramatique Herbie Hancock Proposition indécente *
0%
Aucun quiz correspondant
Distribution des résultats
% des personnes avec chaque résultat
Percentile par nombre de réponses
Votre historique - résultats
Vous n’avez pas pris ce quiz